000 01770cam a22003611ia4500
003 SA-RiAUC
005 20250218063313.0
008 250218s2006 le g b 000 0 ara c
020 _a9953812357
040 _aEG-CaDAJ
_bara
_cSA-RiAUC
_erda
082 0 4 _a226.2
_qSA-RiAUC
090 _a226.2
_b ا ب ن ف
100 1 _aابن الفرس، عبد المنعم بن محمد بن عبد الرحيم،
_d524-599 هجري
_eمؤلف.
245 1 0 _aأحكام القرآن /
_cأبو محمد عبد المنعم بن عبد الرحيم المعروف بابن الفرس الأندلسي ؛ تحقيق طه علي بوسريح، منجية الهادي النفزي السوايحي، صلاح الدين بوعفيف.
250 _aالطبعة الأولى.
264 1 _aبيروت :
_bدار ابن حزم للطباعة والنشر والتوزيع،
_c2006
300 _a3 مجلد ؛
_c24 سم
336 _aنص
_btxt
_2rdacontent
_3كتاب
337 _aبدون وسيط
_bn
_2rdamedia
338 _aمجلد
_bnc
_2rdacarrier
504 _aببليوجرافية : صفحة 647-654.
563 _aتجليد فني.
630 2 7 _aالقرآن.
_pآيات الأحكام
_xتفاسير
_2aucut
700 1 2 _iتحقيق لـ :
_aابن الفرس، عبد المنعم بن محمد بن عبد الرحيم،
_d524-599 هجري
_tأحكام القرآن
700 1 _aبوسريح، طه بن علي
_eمحقق.
700 1 _aالنفزي السوايحي، منجية
_eمحقق.
700 1 _aبوعفيف، صلاح الدين
_eمحقق.
730 2 2 _aالقرآن
856 4 _uhttp://10.0.0.90/imam25/image00098.pdf
856 4 _uhttp://10.0.0.90/imam25/image00099.pdf
942 _2ddc
_cBOOK
_n0
949 _aSA-JeALM
_d250218
_ueid123
_n1
999 _c6049
_d6049